| 000 | 00843nas a2200265 4500 | ||
|---|---|---|---|
| 001 | BR2011006852 | ||
| 003 | BR-BrBNA | ||
| 005 | 20231205120050.0 | ||
| 007 | ta | ||
| 008 | 230509b bl.|||p| |||| 00| 00por d | ||
| 040 |
_aBR-BrBNA _bpor _cBiblioteca Nacional de Agricultura |
||
| 041 | _a(Es) | ||
| 072 | _aF61 | ||
| 100 | 1 | _aPuppo, L. | |
| 100 | 1 | _aPetillo, M.G. | |
| 245 | 1 | _aDeterminación del consumo de agua del duraznero por lisimetría | |
| 650 | _aPRUNUS PERSICA | ||
| 650 | _aPÊSSEGO | ||
| 650 | _aEVAPOTRANSPIRAÇÃO | ||
| 650 | _aLISÍMETRO | ||
| 773 | 0 |
_tRevista Brasileira de Engenharia Agrícola e Ambiental (Brazil) _xISSN 1807-1929 _g(Jan 2010), v.14(1) p. 25-31 _wBR2011006852 |
|
| 856 | 4 | 0 | _uhttp://www.scielo.br/pdf/rbeaa/v14n1/v14n01a04.pdf |
| 909 |
_a202311 _bLúcia _c55 _dLúcia Elande |
||
| 942 |
_2AGRIS _n0 _cANA |
||
| 999 |
_c216908 _d216908 |
||